Bedeutung und Moglichkeiten der Nutzung nachwachsender Rohstoffe in Polen / (Rekord nr 736)
| 000 -ETYKIETA REKORDU | |
|---|---|
| podpole kontrolne o stałej długości | 00759naa a2200193 i 4500 |
| 001 - NUMER KONTROLNY REKORDU | |
| podpole kontrolne | BPP |
| 003 - IDENTYFIKATOR NUMERU KONTROLNEGO REKORDU | |
| podpole kontrolne | BPK |
| 005 - DATA OSTATNIEJ MODYFIKACJI REKORDU | |
| podpole kontrolne | 20160601131942.0 |
| 008 - POLE O STAŁEJ DŁUGOŚCI - DANE KONTROLNE | |
| podpole kontrolne o stałej długości | 150522s2002 pl f |000 0 ger |
| 040 ## - ŹRÓDŁO KATALOGOWANIA | |
| Instytucja, która utworzyła rekord | BPK |
| 041 ## - KOD JĘZYKA | |
| Kod języka tekstu | ger |
| 044 ## - KOD KRAJU WYDAWCY/PRODUCENTA | |
| Kod kraju wydawcy/producenta | DEU |
| 100 ## - NAZWA OSOBOWA | |
| Nazwa osobowa | JASIULEWICZ, Michał. |
| Lata pracy | 1996 - . |
| Instytucja | Politechnika Koszalińska - Wydział Ekonomii i Zarządzania, |
| Wydział | Katedra Polityki Społeczno-Gospodarczej i Ekonomiki Regionalnej |
| 245 ## - TYTUŁ/ODPOWIEDZIALNOŚĆ | |
| Tytuł | Bedeutung und Moglichkeiten der Nutzung nachwachsender Rohstoffe in Polen / |
| Pozostałe elementy strefy tytułu i oznaczenia odpowiedzialności | Michał Jasiulewicz.. |
| 260 ## - STREFA ADRESU WYDAWNICZEGO | |
| Data publikacji, dystrybucji/powstania dokumentu | 2002. |
| 500 ## - UWAGI OGÓLNE | |
| Tekst uwagi | Dane z bibliografii załącznikowej. |
| 773 ## - TYTUŁ DOKUMENTU MACIERZYSTEGO | |
| Wyrażenie wprowadzające | W : |
| Tytuł | Strukturveranderungen und Ihre Auswirkungen auf die Kulturlandschaft im landlichen Raum. - |
| Adres wydawniczy | Dedelow - Koszalin, 2002 |
| 942 ## - HASŁO DODATKOWE - ELEMENTY(KOHA) | |
| Typ dokumentu | Artykuł |
| Schemat klasyfikacji | Uniwersalna klasyfikacja dziesiętna |
Brak dostępnych egzemplarzy.
